Romances de mi provincia /

محفوظ في:
التفاصيل البيبلوغرافية
المؤلف الرئيسي: Lara, Francisco J. (autor)
مؤلفون آخرون: Serra Rojas, Andrés (prólogo) (prólogo)
التنسيق: كتاب
اللغة:الإسبانية
منشور في: México : Etnos, 1944
الموضوعات:
الوسوم: إضافة وسم
لا توجد وسوم, كن أول من يضع وسما على هذه التسجيلة!

MARC

LEADER 00000nam^a2200000^a^4500
001 000417453
005 20250526000000.0
009 20260310122352.18
037 |a Acervo ITESO - Biblioteca 
041 |a ESP 
082 |a 861.  |b LAR 
100 |a Lara, Francisco J.  |e (autor) 
245 1 0 |a Romances de mi provincia /  |c F.J. Lara ; pról. de A. Serra Rojas. 
264 1 |a México :  |b Etnos,  |c 1944 
300 |a 90 p. ;  |c 19.5 cm. 
336 |a texto  |b txt  |2 rdacontenido 
337 |a sin mediación  |b n  |2 rdamedio 
338 |a volumen  |b nc  |2 rdasoporte 
649 |a XX 
650 |a Romances Mexicanos 
650 |a Poesía Mexicana 
650 |a Literatura Mexicana -  |y Siglo XX 
700 |a Serra Rojas, Andrés  |e (prólogo) 
910 |a Fondo Alfonso de Alba Martín 
920 |a Impresos - Libros 
930 |a Libros Antiguos y Raros 
905 |a 125 
901 |a 417453001  |b IT2  |c LRA  |i D99528  |u 20250526 
902 |a https://opac.biblio.iteso.mx/vufind/Record/000417453